000 01024cam a22002054a 4500
005 20250605164236.0
008 250528s ||||||||||||||||||||||||d
035 _a21149
020 _a9789603445166
040 _aGR-AtMCL
_bgre
_dGR-AtMCL
_eAACR2
245 1 _aΧωρισμός και Διαζύγιο / Βοηθώντας Τα Παιδιά να το Αντιμετωπίσουν
250 _a
260 _bΕλληνικά Γράμματα,
_c2008
300 _a64
520 _aΠρόλογος, Εισαγωγή, Όλα τα Άλογα του Βασιλιά και Όλοι οι Άνθρωποι του Βασιλιά, Οι Πρώτοι Κλυδωνισμοί, Αυτός που Μένει Πίσω, Εκείνοι που Βρίσκονται στο Χείλος του Γκρεμού, Συμβουλευτική Διαζευγμένων Γονέων, Παραρτήματα, Συμβουλές για Γονείς.
700 1 _aHerbert Martin
_97179
942 _cBK
999 _c6217
_d6217